| 000 | 00623nam a2200229 a 4500 | ||
|---|---|---|---|
| 001 | BRCA_6288 | ||
| 005 | 20190320205411.0 | ||
| 008 | 030811s1909----gw-ab#####---#000-0#ger-# | ||
| 041 | _ager | ||
| 044 | _agw | ||
| 050 | 4 |
_aVK555 _b.M37 1909 |
|
| 100 | 1 |
_aMarcuse, Adolf _d1860-1930 _915770 |
|
| 245 | 1 | 0 |
_aAstronomische Ortsbestimmung im Ballon _cvon Adolf Marcuse. |
| 260 |
_aBerlín _bG. Reimer _c1909 |
||
| 300 |
_a67 p. _bil., mapas _c25 cm. |
||
| 500 | _aK152 | ||
| 650 | 1 | 4 |
_aAstronomía naútica _915771 |
| 650 | 1 | 4 |
_aNavegación _915772 |
| 650 | 1 | 4 |
_aGlobos aerostáticos _915773 |
| 902 | _aGFM | ||
| 942 |
_2lcc _cB |
||
| 999 |
_c5975 _d5975 |
||